| 000 | 00399nam a22001577a 4500 | ||
|---|---|---|---|
| 020 | _a8173715416 | ||
| 082 |
_a510 _bWAT/A |
||
| 100 | _aWATKINGS, JOHN J | ||
| 245 |
_aACROSS BOARD _bMATHEMATICS |
||
| 246 |
_aACROSS BOARD _bMATHEMATICS |
||
| 260 |
_aHYDERABAD _bUNIVERSITIES PRESS (INDIA) PRUVATE LIMITED _c2004 |
||
| 300 | _a256 | ||
| 520 | _aMATHEMTICS TEXT | ||
| 650 | _aMATHEMATICS | ||
| 942 | _cBK | ||
| 999 |
_c1279 _d1279 |
||